[Event "Wellington CC Summer Cup"]
[Site "Wellington"]
[Date "2013.03.21"]
[Round "6"]
[White "Veldhuizen, Matt"]
[Black "Theodosiou, Andreas"]
[Result "1-0"]
[WhiteElo "1576"]
[BlackElo "1317"]
[PlyCount "80"]
[EventDate "2013.02.07"]
[EventType "swiss"]
[EventRounds "8"]
[EventCountry "NZL"]
[SourceTitle "EXT 2018"]
[Source "ChessBase"]
[SourceDate "2017.10.13"]
[SourceVersion "1"]
[SourceVersionDate "2017.10.13"]
[SourceQuality "1"]

1. c4 Nf6 2. g3 e5 3. Bg2 d5 4. cxd5 Nxd5 5. Nc3 c6 6. Nf3 Bd6 7. d3 Nf6 8. 0-0 Be6 9. a3 Nbd7 10. Ng5 Bf5 11. Qb3 0-0 12. Qxb7 h6 13. Nge4 Nxe4 14. Nxe4 Qc7 15. Nxd6 Qxd6 16. Qxc6 Qxc6 17. Bxc6 Rac8 18. Bg2 Rc2 19. Re1 Nc5 20. Bd5 e4 21. d4 Rd8 22. dxc5 Rxd5 23. b4 Re5 24. Be3 Bg4 25. Bf4 Rd5 26. Kg2 Bxe2 27. Rac1 Bf3+ 28. Kf1 Rxc1 29. Rxc1 Rd3 30. c6 Bg4 31. Kg2 Rxa3 32. c7 Bc8 33. Rd1 Kh7 34. Rd8 Bb7 35. c8Q Bxc8 36. Rxc8 Rb3 37. Ra8 Rxb4 38. Rxa7 f5 39. Be5 Rb5 40. Rxg7+ Kh8 1-0

[Event "Wellington CC Summer Cup"]
[Site "Wellington"]
[Date "2013.02.14"]
[Round "2"]
[White "Veldhuizen, Matt"]
[Black "Heaton, Ken"]
[Result "0-1"]
[WhiteElo "1576"]
[BlackElo "1653"]
[PlyCount "80"]
[EventDate "2013.02.07"]
[EventType "swiss"]
[EventRounds "8"]
[EventCountry "NZL"]
[SourceTitle "EXT 2018"]
[Source "ChessBase"]
[SourceDate "2017.10.13"]
[SourceVersion "1"]
[SourceVersionDate "2017.10.13"]
[SourceQuality "1"]

1. c4 Nf6 2. g3 c5 3. Bg2 Nc6 4. Nc3 e6 5. Nf3 Be7 6. 0-0 0-0 7. a3 Rb8 8. d3 a6 9. Rb1 b5 10. Bd2 d5 11. cxd5 exd5 12. Bf4 Bd6 13. Bg5 h6 14. Bxf6 Qxf6 15. Nxd5 Qe6 16. Nc3 Bb7 17. Ne4 Be7 18. Qc2 Nd4 19. Nxd4 cxd4 20. f4 Rbc8 21. Qd2 Qb3 22. Rfc1 Rfd8 23. Nc5 Rxc5 24. Bxb7 Qe6 25. Bf3 Rdc8 26. Rxc5 Rxc5 27. Rc1 Qb6 28. b4 Rc3 29. Qb2 Bf6 30. Kf1 Qc7 31. Rxc3 dxc3 32. Qc2 Qb6 33. Bd5 Qe3 34. Bb3 Bd4 35. Kg2 Qf2+ 36. Kh3 Qf1+ 37. Kg4 h5+ 38. Kf5 Qf3 39. Qa2 g6+ 40. Kg5 Qg4+ 0-1

[Event "Wellington CC Summer Cup"]
[Site "Wellington"]
[Date "2013.02.07"]
[Round "1"]
[White "Meyer, Marany"]
[Black "Veldhuizen, Matt"]
[Result "1-0"]
[WhiteElo "2064"]
[BlackElo "1576"]
[PlyCount "77"]
[EventDate "2013.02.07"]
[EventType "swiss"]
[EventRounds "8"]
[EventCountry "NZL"]
[SourceTitle "EXT 2018"]
[Source "ChessBase"]
[SourceDate "2017.10.13"]
[SourceVersion "1"]
[SourceVersionDate "2017.10.13"]
[SourceQuality "1"]

1. e4 c6 2. d3 d5 3. Nd2 dxe4 4. dxe4 Nf6 5. g3 e5 6. Qe2 Be6 7. Bg2 Nbd7 8. Nb3 Qc7 9. Be3 Bd6 10. f3 Nb6 11. Nh3 h6 12. Nf2 Rd8 13. 0-0 0-0 14. Nd2 Nfd7 15. Bh3 Bxh3 16. Nxh3 Bc5 17. b3 Bb4 18. Rad1 Nf6 19. Nf2 Bd6 20. c4 Nbd7 21. Nb1 b6 22. Nc3 Bc5 23. Nd3 Bxe3+ 24. Qxe3 c5 25. Nf2 Nb8 26. Nd5 Qd6 27. Ng4 Nxg4 28. fxg4 f6 29. Rd2 Nc6 30. Nxf6+ Rxf6 31. Rxd6 Rfxd6 32. g5 Rd3 33. Qf2 hxg5 34. Qf7+ Kh7 35. Rf6 Nd4 36. Qg6+ Kg8 37. Rf7 Ne2+ 38. Kf2 R8d7 39. Qxg7# 1-0

[Event "NZL-ch Major op"]
[Site "Wellington"]
[Date "2013.01.07"]
[Round "8"]
[White "Veldhuizen, Matt"]
[Black "Chew Lee, Alanna"]
[Result "0-1"]
[WhiteElo "1578"]
[BlackElo "1551"]
[PlyCount "104"]
[EventDate "2012.12.31"]
[EventType "swiss"]
[EventRounds "11"]
[EventCountry "NZL"]
[SourceTitle "CBM 152 Extra"]
[Source "ChessBase"]
[SourceDate "2013.02.25"]
[SourceVersion "1"]
[SourceVersionDate "2013.02.25"]
[SourceQuality "1"]

1. c4 e6 2. g3 d5 3. Bg2 c6 4. cxd5 cxd5 5. d4 Nf6 6. Nc3 Nc6 7. Nf3 Be7 8. 0-0 0-0 9. e3 a6 10. a3 b5 11. b4 Bb7 12. Bb2 Rc8 13. Rc1 Na7 14. Qe2 Rc7 15. Rc2 Nc8 16. Rfc1 Nb6 17. Ne5 Qb8 18. Na2 Rfc8 19. Rxc7 Rxc7 20. Rc2 Qc8 21. Nc3 Nc4 22. Nxc4 dxc4 23. f3 Nd7 24. Bh3 Nb6 25. Kf2 Qd8 26. Bg2 Bf8 27. Bc1 g6 28. f4 Bxg2 29. Kxg2 Bg7 30. Qf3 Nd5 31. Bd2 Nxc3 32. Bxc3 f5 33. h3 Qd5 34. h4 Qxf3+ 35. Kxf3 Bf6 36. Rd2 Rd7 37. Rc2 Bd8 38. e4 Bb6 39. e5 Ra7 40. Rb2 h5 41. Ra2 Kf7 42. Rd2 Ke7 43. Ke3 Kd7 44. Rc2 Kc6 45. Re2 a5 46. Rc2 axb4 47. Bxb4 Kd5 48. Rd2 Ba5 49. Rb2 Bxb4 50. Rxb4 Kc6 51. a4 Rxa4 52. Rxa4 bxa4 0-1

[Event "NZL-ch Major op"]
[Site "Wellington"]
[Date "2013.01.06"]
[Round "7"]
[White "Gloistein, Bruce H"]
[Black "Veldhuizen, Matt"]
[Result "1-0"]
[WhiteElo "1748"]
[BlackElo "1578"]
[PlyCount "82"]
[EventDate "2012.12.31"]
[EventType "swiss"]
[EventRounds "11"]
[EventCountry "NZL"]
[SourceTitle "CBM 152 Extra"]
[Source "ChessBase"]
[SourceDate "2013.02.25"]
[SourceVersion "1"]
[SourceVersionDate "2013.02.25"]
[SourceQuality "1"]

1. e4 c6 2. d4 d5 3. e5 Bf5 4. Bd3 Bxd3 5. Qxd3 Nd7 6. Ne2 e6 7. c3 Ne7 8. Bg5 h6 9. Bh4 g5 10. Bg3 h5 11. h3 Nf5 12. Nd2 Nxg3 13. fxg3 f6 14. Qg6+ Ke7 15. exf6+ Nxf6 16. Rf1 Rh6 17. Qxg5 Kd7 18. Qe3 Bg7 19. Nf4 Qe7 20. 0-0-0 Re8 21. Qd3 Qf7 22. Rfe1 a6 23. Nf3 Ne4 24. Ne5+ Bxe5 25. dxe5 Nf2 26. Qe3 Nxd1 27. Rxd1 Qg7 28. c4 Kc7 29. cxd5 cxd5 30. a3 Re7 31. Rd3 Rh8 32. Kb1 Qh6 33. Rb3 Kb8 34. Qd3 Qh7 35. Ng6 Rf7 36. Nxh8 Qxd3+ 37. Rxd3 Rf2 38. b4 Kc7 39. Ng6 Rxg2 40. h4 Kd7 41. Nf4 Rh2 1-0

[Event "NZL-ch Major op"]
[Site "Wellington"]
[Date "2013.01.02"]
[Round "3"]
[White "Cunningham, Patrick D"]
[Black "Veldhuizen, Matt"]
[Result "0-1"]
[WhiteElo "1505"]
[BlackElo "1578"]
[PlyCount "146"]
[EventDate "2012.12.31"]
[EventType "swiss"]
[EventRounds "11"]
[EventCountry "NZL"]
[SourceTitle "CBM 152 Extra"]
[Source "ChessBase"]
[SourceDate "2013.02.25"]
[SourceVersion "1"]
[SourceVersionDate "2013.02.25"]
[SourceQuality "1"]

1. e4 c6 2. Nf3 d5 3. exd5 cxd5 4. d4 Nf6 5. Bb5+ Bd7 6. Bxd7+ Nbxd7 7. 0-0 e6 8. Bg5 Be7 9. Nc3 a6 10. Qe2 0-0 11. Rfe1 h6 12. Bh4 Rc8 13. Rad1 Bb4 14. Rd3 Qa5 15. Bxf6 Nxf6 16. Nd2 Bxc3 17. Nb3 Qxa2 18. bxc3 Ne4 19. Ra1 Qb2 20. Qe1 Qxc2 21. Nc5 Nxc5 22. Rd2 Qxc3 23. Rc1 Qa5 24. dxc5 Rxc5 25. Qd1 Rfc8 26. Rxc5 Qxc5 27. h3 Qc1 28. Qxc1 Rxc1+ 29. Kh2 b5 30. Ra2 Rc6 31. Kg3 e5 32. Rd2 d4 33. Re2 f6 34. f4 Rc3+ 35. Kg4 Rc5 36. fxe5 Rxe5 37. Rc2 Kf7 38. Rc7+ Kg6 39. Rd7 Re4+ 40. Kf3 Re3+ 41. Kf4 Rd3 42. h4 h5 43. Rd6 a5 44. Rd5 Rb3 45. Ke4 d3 46. Ke3 a4 47. Kd2 b4 48. Ra5 a3 49. g3 Rc3 50. Rb5 a2 51. Ra5 Rc2+ 52. Kxd3 Rc1 53. Rxa2 Rc3+ 54. Kd4 Rxg3 55. Ra5 Rg4+ 56. Ke3 Rxh4 57. Kf3 f5 58. Rb5 Kg5 59. Kg3 Rg4+ 60. Kh3 h4 61. Kh2 Rg3 62. Rxb4 Rc3 63. Kg2 Rc2+ 64. Kh3 Rc3+ 65. Kh2 f4 66. Rb5+ Kg4 67. Rb6 h3 68. Rb5 Rc2+ 69. Kg1 Rc1+ 70. Kh2 Rc2+ 71. Kh1 Kh4 72. Rb4 Kg3 73. Rb3+ f3 0-1

[Event "Wellington Mazur Memorial"]
[Site "Wellington"]
[Date "2012.11.01"]
[Round "1"]
[White "Aldridge, Alan L"]
[Black "Veldhuizen, Matt"]
[Result "1-0"]
[WhiteElo "1959"]
[BlackElo "1573"]
[PlyCount "99"]
[EventDate "2012.11.01"]
[EventType "swiss"]
[EventRounds "7"]
[EventCountry "NZL"]
[SourceTitle "EXT 2018"]
[Source "ChessBase"]
[SourceDate "2017.10.13"]
[SourceVersion "1"]
[SourceVersionDate "2017.10.13"]
[SourceQuality "1"]

1. e4 c6 2. d4 d5 3. exd5 cxd5 4. c4 Nf6 5. Nc3 e6 6. Nf3 Nc6 7. Bd3 Be7 8. 0-0 0-0 9. h3 h6 10. Be3 Nb4 11. Be2 b6 12. a3 Nc6 13. Rc1 Ba6 14. Qa4 Na5 15. b4 Bxc4 16. bxa5 Bxe2 17. Nxe2 bxa5 18. Ne5 Bd6 19. Nc6 Qb6 20. Rb1 Qa6 21. Qb5 Qxb5 22. Rxb5 a4 23. Nb4 a5 24. Nc2 Rfc8 25. Rc1 Ne4 26. f3 Nc3 27. Nxc3 Rxc3 28. Bd2 Rc4 29. Rb6 Bf8 30. Rbb1 Rac8 31. Ne3 Rxc1+ 32. Rxc1 Rxc1+ 33. Bxc1 Bd6 34. Nd1 Bc7 35. Kf1 Kf8 36. Ke2 Ke7 37. Nc3 Kd6 38. Nxa4 Kc6 39. Kd3 Kb5 40. Nc3+ Kc6 41. a4 f6 42. Ba3 h5 43. Bf8 g6 44. Bg7 f5 45. Nb5 Bb6 46. Bf6 Kd7 47. Ke3 Bc7 48. Nxc7 Kxc7 49. Kf4 Kd7 50. Ke5 1-0

[Event "Wellington CC Summer Cup"]
[Site "Wellington"]
[Date "2012.03.14"]
[Round "5"]
[White "Frater, Dylan"]
[Black "Veldhuizen, Matt"]
[Result "1-0"]
[WhiteElo "1457"]
[BlackElo "1545"]
[PlyCount "48"]
[EventDate "2012.02.07"]
[EventType "swiss"]
[EventRounds "8"]
[EventCountry "NZL"]
[SourceTitle "EXT 2018"]
[Source "ChessBase"]
[SourceDate "2017.10.13"]
[SourceVersion "1"]
[SourceVersionDate "2017.10.13"]
[SourceQuality "1"]

1. Nf3 f5 2. c4 Nf6 3. d4 e6 4. Nc3 b6 5. Bg5 Bb4 6. e3 0-0 7. Bd3 Bb7 8. 0-0 Bxc3 9. bxc3 Qe8 10. Re1 Ne4 11. Bxe4 Bxe4 12. Nd2 Bb7 13. Qe2 Qg6 14. f4 d6 15. Nf3 Nd7 16. Rad1 Nf6 17. h4 Ne4 18. Rc1 h6 19. h5 Qxh5 20. Bh4 g5 21. Bf2 g4 22. Nd2 Kf7 23. Nxe4 Bxe4 24. Rcd1 Rg8 1-0

[Event "Wellington Mazur Memorial"]
[Site "Wellington"]
[Date "2011.10.25"]
[Round "2"]
[White "Veldhuizen, Matt"]
[Black "Stracy, Don M"]
[Result "0-1"]
[WhiteElo "1544"]
[BlackElo "1766"]
[PlyCount "74"]
[EventDate "2011.10.18"]
[EventType "swiss"]
[EventRounds "7"]
[EventCountry "NZL"]
[SourceTitle "EXT 2018"]
[Source "ChessBase"]
[SourceDate "2017.10.13"]
[SourceVersion "1"]
[SourceVersionDate "2017.10.13"]
[SourceQuality "1"]

1. c4 Nf6 2. g3 e5 3. Bg2 c6 4. Nc3 d5 5. cxd5 cxd5 6. e3 Nc6 7. Nge2 Be7 8. a3 0-0 9. d4 e4 10. 0-0 Bg4 11. Qc2 Qd7 12. Re1 Rfd8 13. b4 a6 14. Bb2 Rac8 15. Qb3 b5 16. Nf4 g5 17. Nfe2 a5 18. bxa5 Nxa5 19. Qxb5 Qxb5 20. Nxb5 Rc2 21. Bc3 Nc4 22. Bf1 Rc8 23. h3 Bd7 24. a4 Nd2 25. Rec1 Rxc1 26. Rxc1 Nxf1 27. Kxf1 Bxh3+ 28. Ke1 Bd7 29. Rb1 Rc4 30. a5 Ne8 31. Kd2 Nc7 32. Nxc7 Rxc7 33. Rb8+ Kg7 34. a6 Ra7 35. Rb7 Rxb7 36. axb7 Bd6 37. Bb4 Bxb4+ 0-1

[Event "Wellington Mazur Memorial"]
[Site "Wellington"]
[Date "2011.10.18"]
[Round "1"]
[White "Nyberg, Michael"]
[Black "Veldhuizen, Matt"]
[Result "1-0"]
[WhiteElo "2061"]
[BlackElo "1544"]
[PlyCount "53"]
[EventDate "2011.10.18"]
[EventType "swiss"]
[EventRounds "7"]
[EventCountry "NZL"]
[SourceTitle "EXT 2018"]
[Source "ChessBase"]
[SourceDate "2017.10.13"]
[SourceVersion "1"]
[SourceVersionDate "2017.10.13"]
[SourceQuality "1"]

1. d4 f5 2. g3 Nf6 3. Bg2 e6 4. c4 d5 5. cxd5 exd5 6. Nc3 Bb4 7. Bg5 c6 8. Nf3 0-0 9. 0-0 Bxc3 10. bxc3 Nbd7 11. Qc2 Nb6 12. Ne5 Qe8 13. c4 Be6 14. c5 Nbd7 15. Nd3 Qh5 16. Nf4 Qf7 17. Rab1 b6 18. cxb6 Nxb6 19. Bxf6 Qxf6 20. Qxc6 Bd7 21. Qxf6 Rxf6 22. Nxd5 Rd6 23. Nxb6 Rd8 24. Nxd7 R6xd7 25. d5 Kf7 26. Rfc1 g6 27. Rc6 1-0

[Event "Wellington Mazur Memorial"]
[Site "Wellington"]
[Date "2010.10.26"]
[Round "2"]
[White "Veldhuizen, Matt"]
[Black "Pomeroy, Arthur"]
[Result "0-1"]
[WhiteElo "1481"]
[BlackElo "2099"]
[PlyCount "74"]
[EventDate "2010.10.19"]
[EventType "swiss"]
[EventRounds "8"]
[EventCountry "NZL"]
[SourceTitle "EXT 2018"]
[Source "ChessBase"]
[SourceDate "2017.10.13"]
[SourceVersion "1"]
[SourceVersionDate "2017.10.13"]
[SourceQuality "1"]

1. e4 c5 2. Nf3 d6 3. Nc3 a6 4. d4 cxd4 5. Nxd4 Nf6 6. Be3 e5 7. Nf3 Be7 8. Bd3 0-0 9. h3 b5 10. 0-0 Bb7 11. Nd2 b4 12. Ne2 Nc6 13. Ng3 d5 14. exd5 Nxd5 15. Nf5 Nd4 16. Qg4 Nxf5 17. Qxf5 g6 18. Qf3 f5 19. Bh6 e4 20. Nxe4 fxe4 21. Qxe4 Kh8 22. Bxf8 Qxf8 23. Rad1 Rb8 24. Rde1 Bf6 25. Qe6 Nf4 26. Qd7 Bxg2 27. Bxa6 Bxh3 28. Qc6 Bg2 29. Qc7 Nd5 30. Qg3 Bxf1 31. Bxf1 Re8 32. Rxe8 Qxe8 33. Qb3 Qe5 34. Qc4 Qg5+ 35. Bg2 Nf4 36. Qe4 Qxg2+ 37. Qxg2 Nxg2 0-1